Gionmatsuri : toshi jinruigaku kotohajime /
Saved in:
| Main Author: | |
|---|---|
| Format: | Book |
| Language: | Japanese |
| Published: |
Tōkyō :
Chūō Kōronsha,
Shōwa 49 [1974]
|
| Series: | Chūkō shinsho ;
363 |
| Subjects: | |
| Tags: |
Add Tag
No Tags, Be the first to tag this record!
|
| LEADER | 00972nam a2200289 a 4500 | ||
|---|---|---|---|
| 001 | 007721141-3 | ||
| 005 | 20024617115958.0 | ||
| 008 | 890726s1974 ja 000 0 jpn | ||
| 010 | |a 74808717 /J | ||
| 015 | |a Ja74-13288 | ||
| 020 | |c Y380 | ||
| 035 | 0 | |a ocm22802132 | |
| 040 | |a DLC |c CSt |d OCoLC |d *YNH* |d CStRLIN | ||
| 050 | 0 | |a GT4884.K9 |b Y66 | |
| 100 | 1 | |6 880-01 |a Yoneyama, Toshinao, |d 1930- | |
| 245 | 1 | 0 | |6 880-02 |a Gionmatsuri : |b toshi jinruigaku kotohajime / |c Yoneyama Toshinao cho. |
| 260 | |6 880-03 |a Tōkyō : |b Chūō Kōronsha, |c Shōwa 49 [1974] | ||
| 300 | |a 215 p. ; |c 18 cm. | ||
| 490 | 0 | |6 880-04 |a Chūkō shinsho ; |v 363 | |
| 650 | 0 | |a Gion Festival. | |
| 650 | 0 | |a Festivals |z Japan |z Kyoto. | |
| 880 | 1 | |6 100-01 |a 米山俊直, |d 1930- | |
| 880 | 1 | 0 | |6 245-02 |a 祇園祭 : |b 都市人類学ことはじめ / |c 米山俊直著. |
| 880 | |6 260-03 |a 東京 : |b 中央公論社, |c 昭和49 [1974] | ||
| 880 | 0 | |6 490-04 |a 中公新書 ; |v 363 | |
| 988 | |a 20021214 | ||
| 906 | |0 DLC | ||


